| 000 | 00363cam a2200133ua 4500 | ||
|---|---|---|---|
| 041 |
_aeng _h |
||
| 082 |
_a828.09 _bROS/MO |
||
| 100 | _aRosenthal, M L . | ||
| 245 |
_aModern poets: A critical introduction / _cM L Rosenthal. _hTextual Documents |
||
| 260 |
_aLondon : _bOxford University Press , _c1960. |
||
| 300 | _a288 ; . | ||
| 942 | _cBK | ||
| 999 |
_c3984 _d3984 |
||